000 00341nam a22001337a 4500
020 _aNA
082 _222
_a294.392
100 _aDorji C T
245 _aA compendium of chief Kagyu masters /
250 _a1st
260 _aProminent Publishers, Delhi
_bProminent Publishers, Delhi
_cc2005
300 _a231 p,;
_bNA
_c24cm
942 _2ddc
_cCIVIL
999 _c1804
_d1804